000 00410nam a22001697a 4500
005 20180630122501.0
008 160511b xxu||||| |||| 00| 0 eng d
020 _a978-81-203-3877-1
041 _aeng
082 _b1300
_a658
100 _aRaju satya R.
_9463
245 _aManagement text & Cares
260 _aNew Delhi
_bPHI learning Pvt. Ltd.
300 _a427
650 _aManagement
_9241
942 _cBK
999 _c565
_d565